Statistics for Capes

Click here to take the quiz!

General Stats

  • This quiz has been taken 7 times
  • The average score is 3 of 12

Answer Stats

HintAnswer% Correct
Tocky headland on the Atlantic coast of the Cape Peninsula in South Africa.Cape of Good Hope
100%
Southernmost headland of the Tierra del Fuego archipelago of southern ChileCape Horn
57%
Headland in North Carolina or Movie Starring Nick Nolte and Robert DeNiroCape Fear
43%
Port city on South Africa’s southwest coastCape Town
43%
BatmanCaped Crusader
29%
Southernmost point of South Africa :DCape Agulhas
14%
Kennedy Space CenterCape Canavaral
14%
Most south-westerly (but not most southerly) mainland point of the Australian continentCape Leeuwin
14%
Hooked Shaped Peninsula of MassachusettsCape Codd
0%
Washington Stated ParkCape Dissapointment
0%
Oregon State ParkCape Lookout
0%
Northernmost point of mainland GreenlandCape Morris Jessup
0%

Score Distribution

Percentile by Number Answered

Percent of People with Each Score

Your Score History

You have not taken this quiz